000 00389nam a2200157Ia 4500
008 100122s9999 xx 000 0 und d
082 _b70949
_a823
100 _aHARRIS WILSON
245 _aTHE EYE OF THE SCARECROW
250 _a1
260 _bFABER & FABER LTD
_c1974
300 _a108
630 _aTHE EYE OF THE SCARECROW
730 _aTHE EYE OF THE SCARECROW
942 _cBOOK
999 _c388746
_d388743